[Event "III Memorial Aldo Perini A"]
[Site "Senigallia ITA"]
[Date "2009.08.03"]
[Round "3"]
[White "Cannada Bartoli, Vincenzo"]
[Black "Patrucco, Carlo"]
[Result "1/2-1/2"]
[WhiteElo "1981"]
[BlackElo "1815"]
[PlyCount "70"]
[EventDate "2009.08.01"]

1. c4 e5 2. Nc3 Nc6 3. d3 g6 4. g3 Bg7 5. Bg2 d6 6. Nf3 f5 7. O-O Nf6 8. Bg5 h6
9. Bd2 O-O 10. Qc1 Kh7 11. h4 e4 12. Ne1 exd3 13. exd3 Ne5 14. b4 a6 15. a4 c6
16. Rb1 Be6 17. Ne2 d5 18. Nd4 Bf7 19. c5 Nfg4 20. Rb3 Qe7 21. Nec2 Rae8 22.
Re1 Qd8 23. f3 Nf6 24. Bf4 Nh5 25. Ne2 Nxf4 26. Nxf4 g5 27. hxg5 hxg5 28. Nh3
g4 29. Ng5+ Kg8 30. Nxf7 Rxf7 31. Nd4 Nxf3+ 32. Nxf3 gxf3 33. Bxf3 Bd4+ 34. Kg2
Rxe1 35. Qxe1 Qe7 1/2-1/2

[Event "III Memorial Aldo Perini A"]
[Site "Senigallia ITA"]
[Date "2009.08.03"]
[Round "3"]
[White "Dorici, Alice"]
[Black "Corti, Corrado"]
[Result "0-1"]
[WhiteElo "1528"]
[BlackElo "2045"]
[PlyCount "84"]
[EventDate "2009.08.01"]

1. e4 e5 2. Nf3 d6 3. Bc4 Be7 4. h3 Nf6 5. d3 O-O 6. O-O Nbd7 7. Bg5 h6 8. Bh4
c6 9. Bb3 Nc5 10. c3 Nxb3 11. Qxb3 Qc7 12. Re1 Be6 13. Qc2 g5 14. Bg3 Nh5 15.
Bh2 Nf4 16. Bxf4 gxf4 17. Qe2 Kh7 18. Kh1 Rg8 19. Rg1 Rg7 20. Nbd2 Rag8 21. Nh2
Qd7 22. Ndf3 f5 23. Rad1 Bf6 24. a3 Qf7 25. d4 Re8 26. Rde1 exd4 27. Nxd4 Bxd4
28. cxd4 Bd5 29. f3 fxe4 30. Qc2 Qg6 31. Ng4 h5 32. Nf2 Rge7 33. Kh2 Kh6 34. g3
exf3 35. Qxg6+ Kxg6 36. gxf4+ Kf5 37. Rxe7 Rxe7 38. Rg5+ Kxf4 39. h4 Re2 40.
Kg1 Ke3 41. Nd1+ Kxd4 42. Kf1 Bc4 0-1

[Event "III Memorial Aldo Perini A"]
[Site "Senigallia ITA"]
[Date "2009.08.03"]
[Round "3"]
[White "Fontana, Enrico"]
[Black "Miandro, Steven"]
[Result "0-1"]
[WhiteElo "2130"]
[BlackElo "1878"]
[PlyCount "42"]
[EventDate "2009.08.01"]

1. d4 Nf6 2. Nc3 g6 3. e4 d6 4. Bg5 Bg7 5. Qd2 c6 6. f3 Nbd7 7. Bc4 Qa5 8. a3
b5 9. Ba2 a6 10. b4 Qc7 11. Nge2 Bb7 12. O-O Rc8 13. Bh6 O-O 14. Bxg7 Kxg7 15.
Rfd1 c5 16. bxc5 dxc5 17. d5 Qd6 18. Nf4 c4 19. Qd4 Qxf4 20. Qd2 Qd6 21. Qd4
Qf4 0-1

[Event "III Memorial Aldo Perini A"]
[Site "Senigallia ITA"]
[Date "2009.08.03"]
[Round "3"]
[White "Frontini, Fabio"]
[Black "Calavalle, Giulio"]
[Result "0-1"]
[WhiteElo "1943"]
[BlackElo "2228"]
[PlyCount "74"]
[EventDate "2009.08.01"]

1. e4 c5 2. c3 d6 3. d4 cxd4 4. cxd4 g6 5. Nf3 Bg7 6. Be2 Nf6 7. Nc3 O-O 8. O-O
Nc6 9. Be3 Ng4 10. Bg5 h6 11. Bf4 Nf6 12. Qd2 Kh7 13. h3 a6 14. a3 Na5 15. Rad1
b5 16. g4 Nc4 17. Qc1 Bb7 18. Bd3 Rc8 19. g5 hxg5 20. Nxg5+ Kg8 21. e5 Nh7 22.
e6 Nxg5 23. Bxg5 f6 24. Bh6 g5 25. Bxg7 Kxg7 26. f4 g4 27. hxg4 Rh8 28. d5 Rh3
29. Bxc4 Rxc4 30. Kg2 Qh8 31. Rh1 Rcxc3 32. Qxc3 Rxh1 33. Rd2 Rh2+ 34. Kg1 Rh1+
35. Kf2 Qh4+ 36. Kg2 Qh2+ 37. Kf3 Rf1+ 0-1

[Event "III Memorial Aldo Perini A"]
[Site "Senigallia ITA"]
[Date "2009.08.03"]
[Round "3"]
[White "Gandolfi, Gianfranco"]
[Black "Rebeggiani, Luca"]
[Result "1/2-1/2"]
[WhiteElo "1880"]
[BlackElo "2019"]
[PlyCount "115"]
[EventDate "2009.08.01"]

1. e4 c5 2. Nf3 Nc6 3. d4 cxd4 4. Nxd4 e5 5. Nb5 a6 6. Nd6+ Bxd6 7. Qxd6 Qf6 8.
Qc7 Qg6 9. Nc3 Nge7 10. Be3 d5 11. exd5 Nb4 12. Bc5 Nexd5 13. Nxd5 Nxd5 14.
Qxe5+ Qe6 15. Qxe6+ Bxe6 16. Bd3 Rc8 17. Ba3 f5 18. O-O Nf4 19. Rfe1 Kf7 20. b3
Nxd3 21. cxd3 Rhd8 22. Re3 Rc6 23. Rae1 Rd5 24. Bb2 g6 25. h3 h5 26. R1e2 b5
27. b4 f4 28. Re4 Rf5 29. a3 f3 30. gxf3 Rxf3 31. R2e3 Rxe3 32. Rxe3 Rc2 33.
Be5 Bd5 34. h4 Rc1+ 35. Kh2 Rh1+ 36. Kg3 Rg1+ 37. Kh2 Rg2+ 38. Kh3 Rxf2 39. d4
Ra2 40. Rc3 Ke6 41. Kg3 Rg2+ 42. Kh3 Rg4 43. Rc7 Re4 44. Rc3 Re2 45. Rg3 Be4
46. Rc3 Bg2+ 47. Kg3 Bd5 48. Kf4 Re4+ 49. Kg3 Rg4+ 50. Kh3 Bc4 51. Rf3 Kd5 52.
Rf6 Ke4 53. Rxa6 Bf1+ 54. Kh2 Rxh4+ 55. Kg1 Be2 56. Rxg6 Rg4+ 57. Rxg4+ Bxg4
58. Kh2 1/2-1/2

[Event "III Memorial Aldo Perini A"]
[Site "Senigallia ITA"]
[Date "2009.08.03"]
[Round "3"]
[White "Grazzi, Roberto"]
[Black "Di Trapani, Davide"]
[Result "1-0"]
[WhiteElo "2026"]
[BlackElo "1883"]
[PlyCount "89"]
[EventDate "2009.08.01"]

1. e4 e5 2. Nf3 Nc6 3. Bc4 Bc5 4. c3 Nf6 5. d4 exd4 6. cxd4 Bb4+ 7. Bd2 Bxd2+
8. Nbxd2 d5 9. exd5 Nxd5 10. Qb3 Nce7 11. O-O O-O 12. Rfe1 c6 13. Ne4 Qb6 14.
Qa3 Bf5 15. Nc5 Rad8 16. Ne5 Ng6 17. Nxg6 Bxg6 18. Bxd5 Rxd5 19. Re7 Bf5 20.
Rxb7 Qd8 21. Nb3 c5 22. Nxc5 Rxd4 23. h3 Rd1+ 24. Rxd1 Qxd1+ 25. Kh2 Qd6+ 26.
g3 Rc8 27. b4 Qh6 28. h4 Qd2 29. Qf3 g6 30. g4 Qd6+ 31. Qg3 Qxg3+ 32. Kxg3 Bb1
33. Rxa7 Rb8 34. a3 Bc2 35. Kf4 f5 36. g5 Re8 37. b5 Rb8 38. Rb7 Ra8 39. Na6
Ba4 40. Nc5 Ra5 41. Nxa4 Rxa4+ 42. Ke5 Rxa3 43. b6 Ra8 44. Ra7 Rb8 45. b7 1-0

[Event "III Memorial Aldo Perini A"]
[Site "Senigallia ITA"]
[Date "2009.08.03"]
[Round "3"]
[White "Gromovs, Sergejs"]
[Black "Mandolini, Riccardo"]
[Result "0-1"]
[WhiteElo "2339"]
[BlackElo "1977"]
[PlyCount "110"]
[EventDate "2009.08.01"]

1. d4 d5 2. c4 c6 3. Nc3 Nf6 4. Nf3 e6 5. Bg5 Be7 6. e3 Nbd7 7. Qc2 dxc4 8.
Bxc4 b5 9. Be2 Bb7 10. O-O O-O 11. e4 a6 12. Rfd1 Re8 13. e5 Nd5 14. Ne4 f6 15.
exf6 gxf6 16. Bh6 Qb6 17. Nc5 Nxc5 18. dxc5 Qxc5 19. Qe4 Bf8 20. Rac1 Qd6 21.
Bxf8 Rxf8 22. Nd4 Rae8 23. Bh5 Re7 24. Re1 f5 25. Qc2 Nb4 26. Qd1 Nd5 27. Nb3
e5 28. Nc5 e4 29. Qd4 Qf6 30. Qxf6 Rxf6 31. Bd1 Kf8 32. Bb3 Rd6 33. Rcd1 Bc8
34. Rd2 Re8 35. h3 Red8 36. g4 Nf6 37. Rxd6 Rxd6 38. gxf5 Bxf5 39. Re3 Rd2 40.
f3 Nd5 41. Nxe4 Rxb2 42. Rd3 Rg2+ 43. Kh1 Nf4 44. Rd6 Rg6 45. Rd8+ Ke7 46. Ra8
Bxe4 47. fxe4 Nxh3 48. Rxa6 Ng5 49. Bd1 Nxe4 50. Bf3 Nf2+ 51. Kh2 c5 52. Ra7+
Kd6 53. Rxh7 Ng4+ 54. Kh3 Rh6+ 55. Kg3 Ke5 0-1

[Event "III Memorial Aldo Perini A"]
[Site "Senigallia ITA"]
[Date "2009.08.03"]
[Round "3"]
[White "Lavric, Mihail"]
[Black "Foglia, Maurizio"]
[Result "0-1"]
[WhiteElo "1986"]
[BlackElo "2140"]
[PlyCount "49"]
[EventDate "2009.08.01"]

1. d4 d5 2. c4 c6 3. Nf3 Nf6 4. Nc3 g6 5. Bg5 Nbd7 6. e3 Bg7 7. Bd3 O-O 8. O-O
dxc4 9. Bxc4 Qa5 10. Qe2 e5 11. Bh4 exd4 12. Nxd4 Nb6 13. Bb3 Nbd5 14. Nxd5
Nxd5 15. Rad1 Qc5 16. Nf3 Re8 17. Qd2 Bg4 18. Rc1 Qb5 19. Nd4 Qb4 20. Qxb4 Nxb4
21. Rc4 a5 22. h3 Bd7 23. a4 b6 24. Rd1 c5 25. Nb5 0-1

[Event "III Memorial Aldo Perini A"]
[Site "Senigallia ITA"]
[Date "2009.08.03"]
[Round "3"]
[White "Magini, Fabio"]
[Black "Salvioli, Alessandro"]
[Result "1/2-1/2"]
[WhiteElo "2005"]
[BlackElo "1866"]
[PlyCount "72"]
[EventDate "2009.08.01"]

1. d4 Nf6 2. Nf3 g6 3. g3 Bg7 4. Bg2 O-O 5. O-O d6 6. Nbd2 Nbd7 7. c3 e5 8. Qc2
Qe7 9. dxe5 dxe5 10. e4 a5 11. Re1 c6 12. a4 Nb6 13. b3 Qc7 14. Bb2 Nbd7 15. c4
b6 16. Rad1 Re8 17. Nb1 Bb7 18. Nc3 Rad8 19. Nd2 Nc5 20. Ndb1 Ne6 21. Ne2 h5
22. f3 h4 23. Qc1 hxg3 24. hxg3 Nh5 25. Kf2 Qe7 26. Qe3 Qc7 27. Qc1 Qb8 28. Bh3
Nc5 29. Qc2 Qa7 30. Kg2 Qb8 31. Ba3 Ne6 32. Bxe6 Rxe6 33. Rxd8+ Qxd8 34. Rd1
Qg5 35. Qd2 Qxd2 36. Rxd2 Nf4+ 1/2-1/2

[Event "III Memorial Aldo Perini A"]
[Site "Senigallia ITA"]
[Date "2009.08.03"]
[Round "3"]
[White "Mazzariol, Oscar"]
[Black "Lucchi, Lorenzo"]
[Result "0-1"]
[WhiteElo "2067"]
[BlackElo "2040"]
[PlyCount "86"]
[EventDate "2009.08.01"]

1. d4 g6 2. c4 Bg7 3. Nc3 d6 4. e4 Nd7 5. Nf3 e5 6. Bg5 Bf6 7. Be3 Ne7 8. d5
O-O 9. Be2 Bg7 10. O-O f5 11. Bg5 f4 12. Nd2 h6 13. Bxe7 Qxe7 14. Bg4 h5 15.
Be6+ Kh7 16. f3 c5 17. a3 g5 18. b4 b6 19. b5 Nf6 20. Bxc8 Rfxc8 21. a4 g4 22.
Qe2 g3 23. h3 a5 24. bxa6 Rxa6 25. Rab1 Ne8 26. Rb3 Bf6 27. Rfb1 Qc7 28. Rb5
Bd8 29. R1b2 Rca8 30. Rb1 Qd7 31. R5b2 Kg7 32. Nb3 R6a7 33. Ra2 Nc7 34. Rba1
Na6 35. Nb5 Nb4 36. Nxa7 Nxa2 37. Nc6 Nb4 38. Nxb4 cxb4 39. Qa2 Qc7 40. Qc2 b5
41. Nd2 bxa4 42. Rxa4 Qc5+ 43. Kh1 Bb6 0-1

[Event "III Memorial Aldo Perini A"]
[Site "Senigallia ITA"]
[Date "2009.08.03"]
[Round "3"]
[White "Natoli, Domenico"]
[Black "Rovedi, Mauro"]
[Result "0-1"]
[WhiteElo "1883"]
[BlackElo "2033"]
[PlyCount "60"]
[EventDate "2009.08.01"]

1. d4 Nf6 2. c4 e5 3. dxe5 Ng4 4. Nf3 Nc6 5. Bf4 Bb4+ 6. Nc3 Qe7 7. e3 Ngxe5 8.
Be2 d6 9. O-O Bxc3 10. bxc3 O-O 11. Qc2 h6 12. Nd4 Bd7 13. Rab1 b6 14. Rfe1 Na5
15. Bxe5 dxe5 16. Nf3 c5 17. Nd2 f5 18. Nb3 Ba4 19. Red1 Qf7 20. Rd5 Rae8 21.
Qd2 Bc6 22. Rd6 Be4 23. Rd1 Nxc4 24. Bxc4 Qxc4 25. Rd7 Rf7 26. Rxf7 Qxf7 27. f3
Bc6 28. Qd6 Ba4 29. Qd5 c4 30. Qxf7+ Kxf7 0-1

[Event "III Memorial Aldo Perini A"]
[Site "Senigallia ITA"]
[Date "2009.08.03"]
[Round "3"]
[White "Nepi, Ezio"]
[Black "Castellano, Alfonso"]
[Result "1/2-1/2"]
[WhiteElo "1851"]
[BlackElo "1952"]
[PlyCount "88"]
[EventDate "2009.08.01"]

1. e4 c5 2. Nf3 d6 3. c3 Nf6 4. Be2 g6 5. O-O Bg7 6. Re1 O-O 7. Bc4 e6 8. Bf1
b6 9. d4 Bb7 10. Bg5 Qc7 11. Nbd2 Nbd7 12. Rc1 h6 13. Bh4 Nh5 14. Bd3 Rae8 15.
Nf1 c4 16. Bb1 f5 17. N3d2 Ndf6 18. f3 g5 19. Bf2 f4 20. Qe2 b5 21. e5 Nd7 22.
Bg6 dxe5 23. Bxh5 Rd8 24. dxe5 Nxe5 25. Bd4 Nd3 26. Qxe6+ Kh8 27. Qxh6+ Kg8 28.
Bxg7 Qxg7 29. Qxg7+ Kxg7 30. Re7+ Kh6 31. Rd1 Nxb2 32. Rde1 Bd5 33. Bg4 b4 34.
cxb4 c3 35. Nb3 Nd3 36. Rd1 Bxb3 37. axb3 c2 38. Ra1 Rd6 39. Rc7 Nxb4 40. Rc1
Rff6 41. R7xc2 Nxc2 42. Rxc2 Rd1 43. Rc7 Ra1 44. Bf5 Rfa6 1/2-1/2

[Event "III Memorial Aldo Perini A"]
[Site "Senigallia ITA"]
[Date "2009.08.03"]
[Round "3"]
[White "Neri, Angelo"]
[Black "Guarini, Stefano"]
[Result "1-0"]
[WhiteElo "1972"]
[BlackElo "1742"]
[PlyCount "73"]
[EventDate "2009.08.01"]

1. e4 d5 2. exd5 Qxd5 3. Nc3 Qd6 4. Nf3 Nf6 5. d4 Bg4 6. Be2 e6 7. O-O c6 8.
Re1 Be7 9. b3 O-O 10. a4 Qc7 11. Ne5 Bxe2 12. Nxe2 Nbd7 13. Bf4 Qd8 14. c3 Nxe5
15. Bxe5 Bd6 16. Ng3 Qe7 17. Qf3 Bxe5 18. dxe5 Nd7 19. Qg4 Qc5 20. Nh5 g6 21.
Qg3 Qe7 22. Rad1 Kh8 23. Qd3 Nc5 24. Qf3 gxh5 25. Qxh5 Rad8 26. g3 Nxb3 27.
Rxd8 Rxd8 28. Re4 Qd7 29. Qg5 Qd1+ 30. Kg2 Qd5 31. Qf6+ Kg8 32. f3 Qd2+ 33. Kh3
h6 34. Rf4 h5 35. Qxf7+ Kh8 36. Qxh5+ Kg7 37. Qg5+ 1-0

[Event "III Memorial Aldo Perini A"]
[Site "Senigallia ITA"]
[Date "2009.08.03"]
[Round "3"]
[White "Rago, Riccardo"]
[Black "Rombaldoni, Axel"]
[Result "0-1"]
[WhiteElo "2088"]
[BlackElo "2425"]
[PlyCount "152"]
[EventDate "2009.08.01"]

1. e4 c5 2. Nf3 a6 3. c4 e6 4. Nc3 Qc7 5. g3 Nc6 6. Bg2 Rb8 7. O-O Nge7 8. d3
d6 9. b3 b5 10. Bb2 b4 11. Ne2 e5 12. Nd2 g6 13. Nf4 Bh6 14. Nd5 Nxd5 15. cxd5
Nd4 16. Nc4 O-O 17. f4 f5 18. fxe5 dxe5 19. Bxd4 cxd4 20. exf5 Bxf5 21. Qe2
Rbe8 22. g4 Bd7 23. Rxf8+ Kxf8 24. Rf1+ Kg7 25. Qf3 Bf4 26. h3 Qd8 27. Qe4 Qh4
28. Qe1 Bg3 29. Qxb4 Bf4 30. Qe1 Qf6 31. Qe2 Qg5 32. Kh1 h5 33. Bf3 Rh8 34.
gxh5 Bxh3 35. Rg1 Qh4 36. Rxg6+ Kf8 37. Kg1 Bh2+ 38. Kh1 Bf4 39. Kg1 Bh2+ 40.
Kh1 Bg3 41. Kg1 e4 42. Bxe4 Bh2+ 43. Kh1 Bf4 44. Kg1 Bh2+ 45. Kh1 Bf4 46. Kg1
Rxh5 47. Bg2 Bh2+ 48. Kh1 Bxg2+ 49. Kxg2 Qh3+ 50. Kf2 Rf5+ 51. Ke1 Bg3+ 52. Kd1
Rf2 53. Qxf2+ Bxf2 54. Rf6+ Ke7 55. Rxf2 Qxd3+ 56. Kc1 Qc3+ 57. Rc2 Qa1+ 58.
Kd2 Qf1 59. d6+ Ke6 60. Rc1 Qf2+ 61. Kd3 Qf5+ 62. Kd2 Qf2+ 63. Kd3 Kd7 64. Rc2
Qf5+ 65. Kd2 Qf1 66. Rc1 Qf2+ 67. Kd3 Qf5+ 68. Kd2 Qf2+ 69. Kd3 Kd8 70. Rc2
Qf5+ 71. Kd2 Qf3 72. Kc1 Qf1+ 73. Kb2 d3 74. Rd2 Qf6+ 75. Kb1 Qc3 76. Rg2 Qe1+
0-1

[Event "III Memorial Aldo Perini A"]
[Site "Senigallia ITA"]
[Date "2009.08.03"]
[Round "3"]
[White "Stromboli, Ettore"]
[Black "Recchi, Antonio"]
[Result "1-0"]
[WhiteElo "2272"]
[BlackElo "1881"]
[PlyCount "29"]
[EventDate "2009.08.01"]

1. e4 c5 2. Nf3 Nc6 3. d4 cxd4 4. Nxd4 Nf6 5. Nc3 e6 6. Ndb5 d6 7. Bf4 e5 8.
Bg5 a6 9. Na3 b5 10. Bxf6 Qxf6 11. Nd5 Qd8 12. Bxb5 axb5 13. Nxb5 Ra4 14. Nbc7+
Kd7 15. Qg4+ 1-0

[Event "III Memorial Aldo Perini A"]
[Site "Senigallia ITA"]
[Date "2009.08.03"]
[Round "3"]
[White "Xia, Jie"]
[Black "Rotoni, Matteo"]
[Result "1-0"]
[WhiteElo "2206"]
[BlackElo "2189"]
[PlyCount "57"]
[EventDate "2009.08.01"]

1. Nf3 d5 2. g3 Nc6 3. Bg2 e5 4. d3 Bf5 5. O-O Nf6 6. c4 d4 7. b4 Bxb4 8. Qb3
Rb8 9. Nxe5 O-O 10. Bxc6 Bd6 11. Bg2 Bxe5 12. Nd2 c5 13. Nf3 Bd6 14. Bg5 h6 15.
Bxf6 Qxf6 16. e4 dxe3 17. fxe3 Qe7 18. Rae1 Bd7 19. Nh4 g6 20. d4 Kh7 21. Qd3
b5 22. Bd5 bxc4 23. Bxc4 Be6 24. Bxe6 Qxe6 25. d5 Qe5 26. Rxf7+ Rxf7 27. Qxg6+
Kh8 28. Qxf7 Qg7 29. Qxg7+ 1-0

[Event "III Memorial Aldo Perini A"]
[Site "Senigallia ITA"]
[Date "2009.08.04"]
[Round "4"]
[White "Altini, Nicola"]
[Black "Gromovs, Sergejs"]
[Result "1/2-1/2"]
[WhiteElo "2078"]
[BlackElo "2339"]
[PlyCount "103"]
[EventDate "2009.08.01"]

1. d4 f5 2. Nf3 Nf6 3. c4 e6 4. g3 d5 5. cxd5 exd5 6. Bg2 Bd6 7. Nc3 c6 8. O-O
O-O 9. e3 Nbd7 10. b3 Ne4 11. Bb2 Qe8 12. Nd2 Ndf6 13. Qe2 Be6 14. f3 Nxc3 15.
Bxc3 Qh5 16. Rae1 Rae8 17. e4 fxe4 18. fxe4 Bg4 19. Qd3 Qg6 20. Qb1 dxe4 21.
Nxe4 Nd5 22. Nxd6 Qxd6 23. Rxf8+ Rxf8 24. Bxd5+ cxd5 25. Rf1 Rc8 26. Qe1 Bh3
27. Rf3 Qg6 28. Re3 h5 29. Qe2 Rf8 30. Rf3 Qb1+ 31. Kf2 Rc8 32. Re3 Bg4 33. Qe1
Qxa2+ 34. Kg1 Qxb3 35. h3 Bd7 36. Bd2 Qc2 37. Re7 Qf5 38. Bf4 Rf8 39. Qb4 h4
40. Qxb7 Rf7 41. Rxf7 Qxf7 42. Qxa7 hxg3 43. Bxg3 Kh7 44. Qc7 Qf5 45. Qf4 Qb1+
46. Qf1 Qc2 47. Be5 Bf5 48. Qg2 Qb1+ 49. Kh2 Bg6 50. h4 Qb7 51. Qg5 Be4 52.
Qh5+ 1/2-1/2

[Event "III Memorial Aldo Perini A"]
[Site "Senigallia ITA"]
[Date "2009.08.04"]
[Round "4"]
[White "Bernasconi, Roberto"]
[Black "Bonazzi, Edoardo"]
[Result "0-1"]
[WhiteElo "1922"]
[BlackElo "2183"]
[PlyCount "78"]
[EventDate "2009.08.01"]

1. e4 c6 2. d4 d5 3. Nd2 dxe4 4. Nxe4 Bf5 5. Ng3 Bg6 6. Nf3 Nd7 7. h4 h6 8. h5
Bh7 9. Bd3 Bxd3 10. Qxd3 e6 11. Bf4 Qa5+ 12. Bd2 Bb4 13. Qb3 Bxd2+ 14. Nxd2
Ngf6 15. O-O-O O-O 16. Nde4 Nxe4 17. Nxe4 Qd5 18. f3 b5 19. g4 Qxb3 20. axb3
Nb6 21. Rhg1 f6 22. f4 Nd5 23. Rdf1 f5 24. Nc5 fxg4 25. Nxe6 Rf6 26. f5 Ne3 27.
Re1 Nxf5 28. Rxg4 Re8 29. Rge4 Ng3 30. Re5 Nxh5 31. c4 Nf4 32. Nxf4 Rxe5 33.
Rxe5 Rxf4 34. Rc5 Rxd4 35. Rxc6 bxc4 36. bxc4 h5 37. c5 h4 38. Rc8+ Kh7 39. c6
h3 0-1

[Event "III Memorial Aldo Perini A"]
[Site "Senigallia ITA"]
[Date "2009.08.04"]
[Round "4"]
[White "Calavalle, Giulio"]
[Black "Foglia, Maurizio"]
[Result "1/2-1/2"]
[WhiteElo "2228"]
[BlackElo "2140"]
[PlyCount "48"]
[EventDate "2009.08.01"]

1. e4 d5 2. exd5 Qxd5 3. Nc3 Qd6 4. Nf3 Nf6 5. d4 a6 6. g3 b5 7. Bg2 Bb7 8. Bf4
Qd8 9. O-O e6 10. Re1 Be7 11. Qd3 O-O 12. a4 b4 13. Nb1 Nbd7 14. Nbd2 c5 15.
dxc5 Nxc5 16. Qxd8 Rfxd8 17. Nc4 Nd5 18. Be5 Rac8 19. b3 Nc3 20. Bxc3 bxc3 21.
Rad1 Be4 22. Rc1 Bxf3 23. Bxf3 Nxa4 24. Bb7 Rc7 1/2-1/2

[Event "III Memorial Aldo Perini A"]
[Site "Senigallia ITA"]
[Date "2009.08.04"]
[Round "4"]
[White "Capuano, Francesca"]
[Black "Magini, Fabio"]
[Result "0-1"]
[WhiteElo "1928"]
[BlackElo "2005"]
[PlyCount "80"]
[EventDate "2009.08.01"]

1. d4 Nf6 2. Nf3 d5 3. Bf4 c5 4. c3 e6 5. e3 Bd6 6. Bg3 O-O 7. Nbd2 Nc6 8. Bd3
Qe7 9. Ne5 Nd7 10. f4 f5 11. O-O Nf6 12. Bh4 Qe8 13. Rf3 Ne4 14. Bb5 Bxe5 15.
fxe5 Bd7 16. Nxe4 dxe4 17. Rg3 Nxe5 18. dxe5 Bxb5 19. Qd6 Rf7 20. Qxc5 Qc6 21.
Qxc6 bxc6 22. Rd1 Bd3 23. Bg5 Rb7 24. Rd2 Rab8 25. b3 Kf7 26. h4 a5 27. Rf2 c5
28. h5 c4 29. bxc4 Bxc4 30. Rh3 Rb1+ 31. Kh2 h6 32. Bh4 R1b2 33. a4 Rxf2 34.
Bxf2 Rb2 35. Bh4 Ra2 36. Kg3 Rxa4 37. Rh1 Bd3 38. Kf4 Ra2 39. Bd8 Rxg2 40. Rh4
Rb2 0-1

[Event "III Memorial Aldo Perini A"]
[Site "Senigallia ITA"]
[Date "2009.08.04"]
[Round "4"]
[White "Castellano, Alfonso"]
[Black "Bruno, Fabrizio P."]
[Result "1/2-1/2"]
[WhiteElo "1952"]
[BlackElo "1989"]
[PlyCount "70"]
[EventDate "2009.08.01"]

1. c4 e5 2. g3 Nc6 3. Bg2 Nf6 4. Nc3 Bb4 5. Qc2 O-O 6. e3 d6 7. Nge2 Bxc3 8.
Nxc3 Be6 9. Nd5 Nd7 10. O-O Rb8 11. b3 Ne7 12. d4 c6 13. Nxe7+ Qxe7 14. dxe5
dxe5 15. Bb2 Bg4 16. f3 Bh5 17. Rad1 Rfd8 18. Rd2 f6 19. Bh3 Nf8 20. Rdf2 Bg6
21. Qc1 Rd3 22. f4 e4 23. c5 Rbd8 24. Bg2 Bf7 25. Re1 f5 26. Bh3 R3d5 27. b4
Bh5 28. Ref1 Bf3 29. Qc2 Qf7 30. Be5 h5 31. Bxf5 Qxf5 32. Rxf3 Ng6 33. R3f2
Nxe5 34. fxe5 Qxe5 35. Qc4 Kh7 1/2-1/2

[Event "III Memorial Aldo Perini A"]
[Site "Senigallia ITA"]
[Date "2009.08.04"]
[Round "4"]
[White "Corti, Corrado"]
[Black "Neri, Angelo"]
[Result "1-0"]
[WhiteElo "2045"]
[BlackElo "1972"]
[PlyCount "127"]
[EventDate "2009.08.01"]

1. d4 d5 2. Nf3 c6 3. e3 Nf6 4. Bd3 Nbd7 5. O-O Qc7 6. Nbd2 e5 7. e4 dxe4 8.
Nxe4 Nxe4 9. Bxe4 Nf6 10. Re1 Nxe4 11. Rxe4 Be6 12. Nxe5 O-O-O 13. c3 f6 14.
Nd3 Bd5 15. Qg4+ Kb8 16. Bf4 Bd6 17. Bxd6 Qxd6 18. Ree1 h5 19. Qf4 Bc4 20.
Qxd6+ Rxd6 21. Nc5 b6 22. Ne4 Rd7 23. b3 Bf7 24. Re3 Re8 25. Rae1 Rde7 26. Nd2
Rxe3 27. Rxe3 Rxe3 28. fxe3 Kc7 29. Kf2 Kd7 30. Kf3 Bg8 31. h4 Bh7 32. Kf4 Ke6
33. e4 Ke7 34. Nf3 Ke6 35. c4 Kd6 36. b4 Bg8 37. Nd2 b5 38. c5+ Ke6 39. a3 Kd7
40. Nf1 Ke6 41. Ne3 Kd7 42. Nf5 g6 43. Ne3 Bf7 44. g4 hxg4 45. Nxg4 Ke6 46. Ne3
Kd7 47. e5 Ke6 48. exf6 Kxf6 49. Ng4+ Ke6 50. Ne5 Be8 51. Kg5 Kd5 52. Nxg6 Kxd4
53. Kf6 Kc3 54. h5 Kb3 55. h6 Kxa3 56. h7 Bxg6 57. Kxg6 Kxb4 58. h8=Q Kxc5 59.
Kf5 a5 60. Ke4 b4 61. Qd4+ Kb5 62. Qd3+ Kb6 63. Qc4 Kb7 64. Ke5 1-0

[Event "III Memorial Aldo Perini A"]
[Site "Senigallia ITA"]
[Date "2009.08.04"]
[Round "4"]
[White "Di Trapani, Davide"]
[Black "Dimitrijevic, Dragan"]
[Result "1-0"]
[WhiteElo "1883"]
[BlackElo "2042"]
[PlyCount "93"]
[EventDate "2009.08.01"]

1. e4 c5 2. Nf3 e6 3. d4 cxd4 4. Nxd4 Nf6 5. Nc3 d6 6. Be3 a6 7. f3 b5 8. Qd2
Nbd7 9. O-O-O Bb7 10. Kb1 Nb6 11. g4 Rc8 12. Bd3 Be7 13. h4 Nc4 14. Bxc4 Rxc4
15. h5 h6 16. Rdg1 Nh7 17. Qd3 Bf6 18. a4 Bxd4 19. Bxd4 e5 20. Be3 O-O 21. axb5
axb5 22. Nxb5 Rc6 23. Rd1 Qa8 24. Na3 Ba6 25. Qd5 Be2 26. Rdg1 Nf6 27. Qd2 Bxf3
28. Bxh6 Nxe4 29. Qe3 gxh6 30. Rh3 Ng5 31. Rxf3 Nxf3 32. Qxf3 f6 33. Qe3 Kg7
34. Qe4 Qe8 35. Nc4 Rxc4 36. Qxc4 Qf7 37. Qd3 d5 38. Rd1 d4 39. b3 Rc8 40. Kb2
Rc7 41. Qe4 Kf8 42. Ra1 Qh7 43. Qxh7 Rxh7 44. Ra8+ Kg7 45. Ra7+ Kg8 46. Rxh7
Kxh7 47. b4 1-0

[Event "III Memorial Aldo Perini A"]
[Site "Senigallia ITA"]
[Date "2009.08.04"]
[Round "4"]
[White "Ferrante, Marco"]
[Black "Briffault, Philippe"]
[Result "1-0"]
[WhiteElo "2128"]
[BlackElo "1954"]
[PlyCount "81"]
[EventDate "2009.08.01"]

1. e4 Nf6 2. e5 Nd5 3. c4 Nb6 4. a4 a5 5. d4 d6 6. exd6 exd6 7. Nc3 Be7 8. Be3
O-O 9. Nf3 Bf5 10. Be2 d5 11. cxd5 Nxd5 12. O-O Nc6 13. Qb3 Ncb4 14. Nxd5 Qxd5
15. Bc4 Qe4 16. Rac1 Bf6 17. Bg5 Bxg5 18. Nxg5 Qe7 19. Nxf7 Rxf7 20. Bxf7+ Qxf7
21. Qxf7+ Kxf7 22. Rxc7+ Kf8 23. Rxb7 Rd8 24. Rc1 Rxd4 25. h3 Bc2 26. Rb5 Bxa4
27. Rxa5 Bd7 28. b3 Kf7 29. Kh2 Kf6 30. Ra7 Be6 31. Rb7 Nd3 32. Rd1 Ke5 33. Kg3
Bd5 34. Rxg7 Bxb3 35. Rb1 Nc5 36. Rg5+ Kd6 37. f3 Bd5 38. Rh5 Bf7 39. Rxh7 Be6
40. Rb6+ Kd5 41. Rh5+ 1-0

[Event "III Memorial Aldo Perini A"]
[Site "Senigallia ITA"]
[Date "2009.08.04"]
[Round "4"]
[White "Giuliani, Sante"]
[Black "Rago, Riccardo"]
[Result "1/2-1/2"]
[WhiteElo "1987"]
[BlackElo "2088"]
[PlyCount "137"]
[EventDate "2009.08.01"]

1. Nf3 d5 2. g3 Nf6 3. Bg2 e6 4. O-O c5 5. d3 Nc6 6. Nbd2 Be7 7. e4 O-O 8. Re1
Qc7 9. c3 b6 10. e5 Nd7 11. Qe2 Ba6 12. Nf1 Rae8 13. Bf4 Qd8 14. Qd2 f5 15. Ng5
Bxg5 16. Bxg5 Ne7 17. h4 Rf7 18. Nh2 Nf8 19. h5 h6 20. Bf4 Nh7 21. Nf3 Nc8 22.
Nh4 Ng5 23. Nf3 Nxf3+ 24. Bxf3 Kh7 25. a3 Bb7 26. d4 cxd4 27. cxd4 Rc7 28. Rac1
Ne7 29. Qd3 Rxc1 30. Rxc1 Qd7 31. Bd2 Rc8 32. Be2 Rxc1+ 33. Bxc1 Qe8 34. Bd2
Kg8 35. b4 Bc8 36. b5 Bd7 37. a4 Qc8 38. Qc3 Qxc3 39. Bxc3 Be8 40. Bb4 Nc8 41.
Kg2 Kf7 42. Kh3 Bd7 43. Kh4 Be8 44. f3 Bd7 45. g4 Kg8 46. Bd1 Kf7 47. Bb3 fxg4
48. Kxg4 Ne7 49. Bxe7 Kxe7 50. Bc2 Be8 51. f4 Bf7 52. f5 Bg8 53. Kf4 Bf7 54.
Bd1 Bg8 55. Bg4 Bh7 56. Bh3 Bg8 57. fxe6 Bh7 58. Bf5 Bg8 59. Ke3 Kf8 60. e7+
Kxe7 61. Kf4 Bf7 62. Bg4 Bg8 63. Bf5 Bf7 64. Kg4 Bg8 65. Bg6 Be6+ 66. Kf4 Bg8
67. Bf5 Bf7 68. Bg4 Bg8 69. Bf5 1/2-1/2

[Event "III Memorial Aldo Perini A"]
[Site "Senigallia ITA"]
[Date "2009.08.04"]
[Round "4"]
[White "Iacoacci, Giancarlo"]
[Black "Gandolfi, Gianfranco"]
[Result "1/2-1/2"]
[WhiteElo "1770"]
[BlackElo "1880"]
[PlyCount "62"]
[EventDate "2009.08.01"]

1. d4 d5 2. Bf4 Bf5 3. e3 e6 4. Nf3 Nf6 5. Be2 Be7 6. h3 h6 7. O-O c6 8. c4
dxc4 9. Bxc4 Nbd7 10. a3 Ne4 11. Nc3 Ndf6 12. Ba2 Nd5 13. Nxd5 exd5 14. Qb3 Qb6
15. Qxb6 axb6 16. Bb1 Bh7 17. Rd1 O-O 18. Ne5 Rfd8 19. Nd3 Bd6 20. Bxd6 Nxd6
21. Ba2 Bxd3 22. Rxd3 Ra5 23. Bb1 b5 24. Rb3 Rda8 25. Bd3 R8a7 26. f3 Nc4 27.
Bxc4 bxc4 28. Rc3 b5 29. b4 Ra4 30. Kf2 Re7 31. Re1 Rea7 1/2-1/2